00282nam a2200121Ia 4500008004100000041000800041082001200049100002200061245001600083260003000099300002400129365000700153240624s9999 xx 000 0 und d aeng a823 FOR aFORSYTH FREDERICK aDOGS OF WAR c2011aLondonbArrow Books a438 : p. : cm. ; 18 cRS